[Event "Woerishofen sen 2016"]
[Site "Bad Woerishofen"]
[Date "2016.03.05"]
[Round "9.51"]
[White "Wagner, Gerhard"]
[Black "Schweitzer, Paul"]
[Result "1/2-1/2"]
[WhiteElo "1760"]
[BlackElo "1652"]
[PlyCount "82"]
[EventDate "2016.02.26"]
[EventType "swiss"]
[EventCountry "GER"]
[WhiteTeam "Windach SF"]
[BlackTeam "Zehlendorf SK"]
[WhiteTeamCountry "GER"]
[BlackTeamCountry "GER"]

1. e4 b6 2. d4 Bb7 3. Nc3 e6 4. Nf3 Bb4 5. Bd3 c5 6. O-O Bxc3 7. bxc3 cxd4 8.
cxd4 Qc7 9. c4 Ne7 10. Re1 Ng6 11. Qd2 O-O 12. d5 e5 13. Bb2 d6 14. g3 Nd7 15.
Qc2 Nf6 16. Nh4 Nxh4 17. gxh4 Bc8 18. f3 Qe7 19. Qg2 Nh5 20. Qg5 Qxg5+ 21. hxg5
Nf4 22. Bf1 f5 23. Bc1 fxe4 24. fxe4 Ng6 25. Bg2 Ba6 26. Ba3 Rad8 27. Rac1 Rf4
28. h3 Kf8 29. Rf1 Ke7 30. Rxf4 Nxf4 31. Bf1 Bc8 32. Kh2 h6 33. gxh6 gxh6 34.
Rc3 Rg8 35. Rg3 Rg5 36. h4 Rg4 37. Rxg4 Bxg4 38. Kg3 h5 39. Bc1 Ne2+ 40. Bxe2
Bxe2 41. a3 Bxc4 1/2-1/2

[Event "Woerishofen sen 2016"]
[Site "Bad Woerishofen"]
[Date "2016.03.05"]
[Round "9.54"]
[White "Skibbe, Hannes"]
[Black "Thonig, Manfred"]
[Result "1-0"]
[WhiteElo "1766"]
[BlackElo "1660"]
[PlyCount "55"]
[EventDate "2016.02.26"]
[EventType "swiss"]
[EventCountry "GER"]
[WhiteTeam "Hessenstein TSV"]
[BlackTeam "Starnberg SC"]
[WhiteTeamCountry "GER"]
[BlackTeamCountry "GER"]

1. e4 e5 2. d4 exd4 3. Nf3 c5 4. Bc4 Nf6 5. c3 d5 6. Bb5+ Bd7 7. Bxd7+ Nbxd7 8.
e5 Ne4 9. cxd4 cxd4 10. O-O Bc5 11. Nbd2 O-O 12. Nb3 Qb6 13. Bf4 Rfe8 14. Nxc5
Qxc5 15. Rc1 Qb6 16. Qa4 Ndc5 17. Qxd4 Rad8 18. Be3 Qa6 19. Rxc5 Nxc5 20. Qxc5
b6 21. Qd4 Qxa2 22. Qg4 Qxb2 23. Bh6 g6 24. Bg5 f5 25. Qa4 b5 26. Qxa7 Ra8 27.
Qb7 Qb3 28. Bh6 1-0

[Event "Woerishofen sen 2016"]
[Site "Bad Woerishofen"]
[Date "2016.03.05"]
[Round "9.55"]
[White "Engl, Heinz"]
[Black "Aigner, Georg"]
[Result "0-1"]
[WhiteElo "2015"]
[BlackElo "1932"]
[PlyCount "88"]
[EventDate "2016.02.26"]
[EventType "swiss"]
[EventCountry "GER"]
[WhiteTeam "Muenchen Blinden SC"]
[BlackTeam "Taufkirchen SC"]
[WhiteTeamCountry "GER"]
[BlackTeamCountry "GER"]

1. e4 e5 2. Nf3 Nf6 3. Nc3 Nc6 4. Bb5 d6 5. O-O Bd7 6. d4 Nxd4 7. Nxd4 exd4 8.
Qxd4 Bxb5 9. Nxb5 a6 10. Nc3 Be7 11. h3 O-O 12. Be3 Nd7 13. Nd5 Bf6 14. Nxf6+
Qxf6 15. Qb4 b6 16. c3 Rfe8 17. Rad1 Qe6 18. f3 f5 19. Rd5 fxe4 20. Rg5 exf3
21. Rxf3 Rf8 22. Rfg3 Rf7 23. a3 Nf6 24. Rf3 Nd5 25. Qd4 Nxe3 26. Rxe3 Qf6 27.
Qxf6 Rxf6 28. Rg4 Raf8 29. Rge4 h6 30. Kh2 Rf2 31. b4 R8f6 32. Rg4 Kf7 33. Reg3
g6 34. Re3 Kg7 35. Rge4 h5 36. Re7+ Rf7 37. R7e4 Ra2 38. c4 Rd2 39. Kg3 Rff2
40. Re7+ Kh6 41. Rxc7 Rxg2+ 42. Kf3 Rh2 43. Kf4 Rdf2+ 44. Kg3 Rhg2+ 0-1

[Event "Woerishofen sen 2016"]
[Site "Bad Woerishofen"]
[Date "2016.03.05"]
[Round "9.58"]
[White "Young, Mel J"]
[Black "Hahn, Volker"]
[Result "1/2-1/2"]
[WhiteElo "1912"]
[BlackElo "1679"]
[PlyCount "46"]
[EventDate "2016.02.26"]
[EventType "swiss"]
[EventCountry "GER"]
[WhiteTeam "ENG"]
[BlackTeam "DBSB"]
[WhiteTeamCountry "ENG"]
[BlackTeamCountry "GER"]

1. e4 c5 2. d4 cxd4 3. c3 e6 4. Nf3 Nc6 5. cxd4 Bb4+ 6. Nc3 d5 7. Bd3 dxe4 8.
Bxe4 Nf6 9. Bxc6+ bxc6 10. O-O O-O 11. Bg5 Be7 12. Rc1 Rb8 13. Qe2 Qb6 14. Na4
Qa5 15. Qc2 Ba6 16. Rfd1 Be2 17. Qxe2 Qxa4 18. b3 Qb5 19. Qxb5 cxb5 20. Rc7 Bd8
21. Rxa7 Bb6 22. Ra6 Nd5 23. Ne5 Ra8 1/2-1/2

[Event "Woerishofen sen 2016"]
[Site "Bad Woerishofen"]
[Date "2016.03.05"]
[Round "9.59"]
[White "Traversi, Carlo"]
[Black "Koppenhoefer, Heinz"]
[Result "1/2-1/2"]
[WhiteElo "1572"]
[BlackElo "1672"]
[PlyCount "118"]
[EventDate "2016.02.26"]
[EventType "swiss"]
[EventCountry "GER"]
[WhiteTeam "ITA"]
[BlackTeam "Solln STSV"]
[WhiteTeamCountry "ITA"]
[BlackTeamCountry "GER"]

1. Nf3 d5 2. b3 Nf6 3. Bb2 e6 4. e3 c5 5. c4 Be7 6. Be2 Nc6 7. O-O O-O 8. Nc3
dxc4 9. Bxc4 a6 10. a4 Na5 11. Be2 Qb6 12. d4 Nxb3 13. Rb1 Na5 14. Ba3 Qc7 15.
Qc2 cxd4 16. Bxe7 Qxe7 17. Nxd4 Bd7 18. Ne4 Rac8 19. Nxf6+ Qxf6 20. Qa2 e5 21.
Nf3 Be6 22. Qd2 Nb3 23. Qb4 Nc5 24. Rfc1 Bf5 25. Ra1 e4 26. Nd4 Qe5 27. Nxf5
Qxf5 28. Rc4 Nd3 29. Bxd3 exd3 30. Rd4 Rc2 31. Rf4 Qc8 32. Rd1 Rd8 33. Rd4 Rxd4
34. Qxd4 Rc1 35. Qxd3 Rxd1+ 36. Qxd1 g6 37. g3 Qc6 38. Qd8+ Kg7 39. Qd4+ Qf6
40. Qb4 b6 41. Qc4 a5 42. Qb5 Qd6 43. Qb2+ f6 44. Qc2 Qc5 45. Qd1 Qc6 46. Qb3
Qc5 47. h4 Qc6 48. Kf1 h5 49. Ke2 Qd6 50. Qc3 Kf7 51. Qb3+ Ke7 52. Qc2 f5 53.
Qc3 Kd7 54. f4 Ke6 55. Qb3+ Kd7 56. Qc4 Qe6 57. Qc3 Qd6 58. Qc4 Ke7 59. Qc3 Kd7
1/2-1/2

[Event "Woerishofen sen 2016"]
[Site "Bad Woerishofen"]
[Date "2016.03.05"]
[Round "9.60"]
[White "Schmid, Arnold"]
[Black "Wraga, Hermann"]
[Result "1/2-1/2"]
[WhiteElo "1578"]
[BlackElo "1667"]
[PlyCount "26"]
[EventDate "2016.02.26"]
[EventType "swiss"]
[EventCountry "GER"]
[WhiteTeam "Oberbilker SV"]
[BlackTeam "Osnabrueck SG"]
[WhiteTeamCountry "GER"]
[BlackTeamCountry "GER"]

1. e4 d6 2. Nf3 g6 3. d4 Nf6 4. Bd3 Bg7 5. O-O O-O 6. Bg5 Re8 7. h3 e5 8. d5 a6
9. Nbd2 b5 10. c4 Qd7 11. Re1 Bb7 12. Rc1 c6 13. b3 c5 1/2-1/2

[Event "Woerishofen sen 2016"]
[Site "Bad Woerishofen"]
[Date "2016.03.05"]
[Round "9.61"]
[White "Bartlitz, Heinz"]
[Black "Walther, Renate"]
[Result "1-0"]
[WhiteElo "1659"]
[BlackElo "1232"]
[PlyCount "51"]
[EventDate "2016.02.26"]
[EventType "swiss"]
[EventCountry "GER"]
[WhiteTeam "Bramfelder SK"]
[BlackTeam "Herzogenaurach SK"]
[WhiteTeamCountry "GER"]
[BlackTeamCountry "GER"]

1. e4 e5 2. Nf3 d5 3. exd5 e4 4. Qe2 Nf6 5. Nc3 Bf5 6. d3 Bb4 7. Bd2 O-O 8.
dxe4 Re8 9. O-O-O Bd7 10. Qc4 Na6 11. a3 Bd6 12. h3 Be5 13. Nxe5 Rxe5 14. f4
Re8 15. g4 h6 16. e5 Nh7 17. Bd3 Qe7 18. Rde1 Nc5 19. Bxh7+ Kxh7 20. b4 Na6 21.
Re2 Qf8 22. Rhe1 c6 23. e6 cxd5 24. Qd3+ Kh8 25. exd7 Red8 26. Qxd5 1-0

[Event "Woerishofen sen 2016"]
[Site "Bad Woerishofen"]
[Date "2016.03.05"]
[Round "9.62"]
[White "Buss, Richard"]
[Black "Braeu, Emmi"]
[Result "1-0"]
[WhiteElo "1657"]
[BlackElo "1624"]
[PlyCount "69"]
[EventDate "2016.02.26"]
[EventType "swiss"]
[EventCountry "GER"]
[WhiteTeam "Heisfelde VfR"]
[BlackTeam "Marktoberdorf SK"]
[WhiteTeamCountry "GER"]
[BlackTeamCountry "GER"]

1. e4 c5 2. Nf3 Nc6 3. Bc4 g6 4. c3 Bg7 5. d4 cxd4 6. cxd4 Nf6 7. Nc3 d6 8. h3
O-O 9. O-O Bd7 10. a3 Rc8 11. Bb5 a6 12. Bd3 Na5 13. Re1 Qc7 14. e5 Ne8 15. Nd5
Qd8 16. Bg5 f6 17. exf6 e6 18. Ne7+ Kf7 19. Nxc8 Bxf6 20. Bxf6 Qxf6 21. Nb6 Qd8
22. Nxd7 Qxd7 23. Ng5+ Kg8 24. Nxe6 Rf6 25. d5 b5 26. b4 Nb7 27. Rc1 Qf7 28.
Qe2 a5 29. Bxb5 axb4 30. axb4 Rf5 31. Qd2 Re5 32. Rxe5 dxe5 33. Bxe8 Qxe8 34.
Qe3 Qf7 35. Qxe5 1-0